[Event "Mecklenburg VP Verbandsliga 2122"]
[Site "Mecklenburg VP"]
[Date "2022.03.06"]
[Round "6.2"]
[White "Fischer, Torsten"]
[Black "Schmekel, Florian"]
[Result "1-0"]
[WhiteElo "2026"]
[BlackElo "2084"]
[PlyCount "69"]
[EventDate "2021.10.24"]
[EventType "team-tourn"]
[EventRounds "9"]
[EventCountry "GER"]
[SourceTitle "EXT 2024"]
[Source "ChessBase"]
[SourceDate "2023.10.10"]
[SourceVersion "1"]
[SourceVersionDate "2023.10.10"]
[SourceQuality "1"]
[WhiteTeam "Schwerin SF II"]
[BlackTeam "Torgelow Droegeheide"]
[WhiteTeamCountry "GER"]
[BlackTeamCountry "GER"]

1. e4 c5 2. Nc3 Nc6 3. Nf3 g6 4. Bc4 Bg7 5. 0-0 Nf6 6. a4 0-0 7. d3 d6 8. Bg5 Bg4 9. h3 Bxf3 10. gxf3 Qd7 11. Kg2 h6 12. Be3 e6 13. Ne2 d5 14. Ba2 b6 15. c3 Rad8 16. Qc2 d4 17. cxd4 Nxd4 18. Nxd4 cxd4 19. Bd2 Kh7 20. Rac1 Rc8 21. Qb3 h5 22. Qb5 Bh6 23. f4 Qxb5 24. axb5 Nd7 25. Bc4 e5 26. Ra1 Rc7 27. Bb4 Nc5 28. fxe5 Re8 29. f4 Nxe4 30. b3 Nc5 31. Rae1 Bf8 32. Bd2 Rce7 33. f5 Rxe5 34. fxg6+ fxg6 35. Rxe5 1-0

[Event "Mecklenburg VP Verbandsliga 1920"]
[Site "Mecklenburg VP"]
[Date "2019.12.08"]
[Round "4.1"]
[White "Lehmann, Ruben"]
[Black "Schmekel, Florian"]
[Result "1-0"]
[WhiteElo "1954"]
[BlackElo "2102"]
[PlyCount "53"]
[EventDate "2019.09.29"]
[EventType "team-tourn"]
[EventRounds "9"]
[EventCountry "GER"]
[SourceTitle "EXT 2023"]
[Source "ChessBase"]
[SourceDate "2022.10.05"]
[SourceVersion "1"]
[SourceVersionDate "2022.10.05"]
[SourceQuality "1"]
[WhiteTeam "Stralsund HSG"]
[BlackTeam "Torgelow"]
[WhiteTeamCountry "GER"]
[BlackTeamCountry "GER"]

1. d4 Nf6 2. c4 e6 3. Nc3 Bb4 4. e3 c5 5. Bd3 Nc6 6. Nge2 Bxc3+ 7. bxc3 d6 8. 0-0 0-0 9. f4 Qe7 10. e4 e5 11. fxe5 dxe5 12. d5 Na5 13. Bg5 Qd6 14. Bxf6 gxf6 15. Ng3 f5 16. exf5 f6 17. Ne4 Qd8 18. Kh1 b6 19. g4 Nb7 20. g5 fxg5 21. Nxg5 Nd6 22. Qh5 Qc7 23. f6 e4 24. f7+ Rxf7 25. Rxf7 Nxf7 26. Qxh7+ Kf8 27. Rf1 1-0

[Event "JBLN Ost 1819"]
[Site "Germany"]
[Date "2019.03.03"]
[Round "9.1"]
[White "Schmekel, Florian"]
[Black "Post, Hugo"]
[Result "0-1"]
[WhiteElo "2102"]
[BlackElo "2136"]
[PlyCount "74"]
[EventDate "2018.09.29"]
[EventType "team-tourn"]
[EventRounds "9"]
[EventCountry "GER"]
[SourceTitle "CBM 189 Extra"]
[Source "ChessBase"]
[SourceDate "2019.06.03"]
[SourceVersion "1"]
[SourceVersionDate "2019.06.03"]
[SourceQuality "1"]
[WhiteTeam "Torgelow"]
[BlackTeam "Reideburg 90 Halle"]
[WhiteTeamCountry "GER"]
[BlackTeamCountry "GER"]

1. d4 Nf6 2. c4 e6 3. Nf3 b6 4. a3 Bb7 5. Nc3 d5 6. cxd5 Nxd5 7. Bg5 Be7 8. Nxd5 Bxd5 9. Bxe7 Qxe7 10. e3 0-0 11. Be2 Nd7 12. 0-0 c5 13. dxc5 Nxc5 14. Nd4 Rfd8 15. Bf3 Ne4 16. Qe2 e5 17. Nf5 Qg5 18. Ng3 Nxg3 19. fxg3 e4 20. Bg4 g6 21. h4 Qe5 22. Qf2 f5 23. Bd1 Rac8 24. g4 Rf8 25. Qd2 Rcd8 26. Rf4 Be6 27. Qb4 Rd3 28. Bc2 Rxe3 29. Raf1 Rc8 30. gxf5 gxf5 31. Qe7 Rg3 32. Bxe4 Rg7 33. Qb4 a5 34. Qe1 fxe4 35. Rxe4 Rxg2+ 36. Kxg2 Bd5 37. Rff4 Qxf4 0-1

[Event "Mecklenburg VP VL1819"]
[Site "Mecklenburg VP"]
[Date "2019.01.20"]
[Round "5.1"]
[White "Roehl, Rainer"]
[Black "Schmekel, Florian"]
[Result "1/2-1/2"]
[WhiteElo "2006"]
[BlackElo "2016"]
[PlyCount "41"]
[EventDate "2018.10.21"]
[EventType "team-tourn"]
[EventRounds "9"]
[EventCountry "GER"]
[SourceTitle "EXT 2022"]
[Source "ChessBase"]
[SourceDate "2021.10.06"]
[SourceVersion "1"]
[SourceVersionDate "2021.10.06"]
[SourceQuality "1"]
[WhiteTeam "Schwerin SF III"]
[BlackTeam "Torgelow Droegeheide"]
[WhiteTeamCountry "GER"]
[BlackTeamCountry "GER"]

1. d4 Nf6 2. Bf4 e6 3. e3 b6 4. Nf3 Bb7 5. Nbd2 Be7 6. h3 0-0 7. Be2 c5 8. c3 cxd4 9. exd4 d6 10. 0-0 Nbd7 11. Re1 Rc8 12. Bg3 Qc7 13. Bd3 Rfd8 14. Qe2 Nf8 15. c4 Ng6 16. d5 e5 17. Bf5 Rb8 18. Rac1 Bc8 19. Bxc8 Rbxc8 20. b4 Qd7 21. Qd3 1/2-1/2

[Event "Youth District Germany"]
[Site "Wuerzburg"]
[Date "2018.10.07"]
[Round "7.1"]
[White "Schmekel, Florian"]
[Black "Herbrig, Alexander"]
[Result "0-1"]
[WhiteElo "2106"]
[BlackElo "2277"]
[PlyCount "76"]
[EventDate "2018.10.02"]
[EventType "team-swiss"]
[EventRounds "7"]
[EventCountry "GER"]
[SourceTitle "CBM 186 Extra"]
[Source "ChessBase"]
[SourceDate "2018.08.24"]
[SourceVersion "1"]
[SourceVersionDate "2018.08.24"]
[SourceQuality "1"]
[WhiteTeam "Mecklenburg-Vorpommern U20"]
[BlackTeam "Sachsen U20 II"]
[WhiteTeamCountry "GER"]
[BlackTeamCountry "GER"]

1. d4 Nf6 2. c4 e6 3. Nf3 b6 4. a3 Bb7 5. Nc3 d5 6. cxd5 exd5 7. Bg5 Be7 8. g3 Ne4 9. Bxe7 Qxe7 10. Bg2 Nd7 11. 0-0 0-0 12. Rc1 f5 13. b4 c6 14. Ne1 Rac8 15. Nd3 Rfe8 16. Re1 Ba6 17. e3 Qf6 18. f4 Bxd3 19. Qxd3 Nxc3 20. Rxc3 b5 21. a4 a6 22. a5 Qe6 23. Kf2 Nf6 24. h3 Qd6 25. Rb3 Rf8 26. Kg1 Qe6 27. Bf3 g5 28. Kg2 Kh8 29. fxg5 Ne4 30. Bxe4 fxe4 31. Qe2 Rf3 32. Rc1 Rcf8 33. Rb2 h6 34. Rbc2 Qf5 35. Qe1 Qxg5 36. Rxc6 Rg8 37. g4 Rxe3 38. Qd1 Qh4 0-1

[Event "Youth District Germany"]
[Site "Wuerzburg"]
[Date "2018.10.06"]
[Round "6.1"]
[White "Wendler, David"]
[Black "Schmekel, Florian"]
[Result "0-1"]
[WhiteElo "2156"]
[BlackElo "2106"]
[PlyCount "142"]
[EventDate "2018.10.02"]
[EventType "team-swiss"]
[EventRounds "7"]
[EventCountry "GER"]
[SourceTitle "CBM 186 Extra"]
[Source "ChessBase"]
[SourceDate "2018.08.24"]
[SourceVersion "1"]
[SourceVersionDate "2018.08.24"]
[SourceQuality "1"]
[WhiteTeam "Wuerttemberg U20 II"]
[BlackTeam "Mecklenburg-Vorpommern U20"]
[WhiteTeamCountry "GER"]
[BlackTeamCountry "GER"]

1. e4 c5 2. Nf3 Nc6 3. c3 d5 4. exd5 Qxd5 5. d4 Nf6 6. Be3 cxd4 7. cxd4 e6 8. Nc3 Qd6 9. a3 Be7 10. Bd3 0-0 11. 0-0 b6 12. Qe2 Bb7 13. Rad1 Rfd8 14. Bg5 h6 15. Bh4 Nd5 16. Bxe7 Ncxe7 17. Qe4 Nf5 18. Ne5 Qe7 19. Qg4 Nf6 20. Qh3 Nxd4 21. Rfe1 Nc6 22. Ng4 Nxg4 23. Qxg4 Rd4 24. Qg3 Rad8 25. Ne2 R4d6 26. Nf4 Qg5 27. Qf3 Na5 28. Qe3 Rxd3 29. Rxd3 Rxd3 30. Qxd3 Qxf4 31. f3 Bd5 32. b4 Nc4 33. Re2 Qc1+ 34. Kf2 Qxa3 35. Qxa3 Nxa3 36. Ke3 Kf8 37. f4 Ke7 38. g4 a5 39. bxa5 bxa5 40. Kd4 a4 41. Kc3 Bb3 42. g5 hxg5 43. fxg5 g6 44. h4 Nb5+ 45. Kb4 Nd4 46. Rh2 Nc6+ 47. Kc3 Ne5 48. Rh3 Kd6 49. Kd4 Nc6+ 50. Kc3 e5 51. h5 gxh5 52. Rxh5 Ne7 53. Rh1 Nd5+ 54. Kb2 Ke6 55. Rh7 Nf4 56. Rh8 Kf5 57. Re8 Ng6 58. Ka3 Kxg5 59. Rc8 f5 60. Re8 f4 61. Kb4 f3 62. Rc8 e4 63. Rc6 f2 64. Rc1 e3 65. Kc3 e2 66. Kd2 f1Q 67. Rc5+ Kf4 68. Rc1 Qxc1+ 69. Kxc1 e1Q+ 70. Kb2 Ne5 71. Ka3 Nc4# 0-1

[Event "Youth District Germany"]
[Site "Wuerzburg"]
[Date "2018.10.04"]
[Round "3.1"]
[White "Schmekel, Florian"]
[Black "Richter, Leonard"]
[Result "0-1"]
[WhiteElo "2106"]
[BlackElo "2322"]
[PlyCount "56"]
[EventDate "2018.10.02"]
[EventType "team-swiss"]
[EventRounds "7"]
[EventCountry "GER"]
[SourceTitle "CBM 186 Extra"]
[Source "ChessBase"]
[SourceDate "2018.08.24"]
[SourceVersion "1"]
[SourceVersionDate "2018.08.24"]
[SourceQuality "1"]
[WhiteTeam "Mecklenburg-Vorpommern U20"]
[BlackTeam "Sachsen U20"]
[WhiteTeamCountry "GER"]
[BlackTeamCountry "GER"]

1. d4 Nf6 2. c4 g6 3. Nc3 Bg7 4. e4 d6 5. Be2 0-0 6. Bg5 h6 7. Be3 Nbd7 8. Qd2 c5 9. d5 Kh7 10. g4 b5 11. cxb5 a6 12. h3 Qa5 13. bxa6 Bxa6 14. f4 Rfb8 15. Bxa6 Rxa6 16. Nge2 Nb6 17. Qc2 Na4 18. Bc1 Nxc3 19. Bd2 Nfxe4 20. Nxc3 Nxd2 21. Kxd2 Qb4 22. f5 Qf4+ 23. Ke2 Qc4+ 24. Kd2 Bf6 25. fxg6+ fxg6 26. Rhf1 Rxa2 27. Rxf6 Qd4+ 28. Ke2 Raxb2 0-1

[Event "Youth District Germany"]
[Site "Wuerzburg"]
[Date "2018.10.03"]
[Round "1.1"]
[White "Muckle, Julius"]
[Black "Schmekel, Florian"]
[Result "1-0"]
[WhiteElo "2348"]
[BlackElo "2106"]
[PlyCount "57"]
[EventDate "2018.10.02"]
[EventType "team-swiss"]
[EventRounds "7"]
[EventCountry "GER"]
[SourceTitle "CBM 186 Extra"]
[Source "ChessBase"]
[SourceDate "2018.08.24"]
[SourceVersion "1"]
[SourceVersionDate "2018.08.24"]
[SourceQuality "1"]
[WhiteTeam "Rheinland Pfalz U20"]
[BlackTeam "Mecklenburg-Vorpommern U20"]
[WhiteTeamCountry "GER"]
[BlackTeamCountry "GER"]

1. d4 Nf6 2. c4 e6 3. Nc3 Bb4 4. e3 c5 5. Bd3 Bxc3+ 6. bxc3 d6 7. Ne2 0-0 8. 0-0 Nc6 9. e4 e5 10. d5 Na5 11. Ng3 Ne8 12. f4 f6 13. f5 b6 14. Rf3 Ba6 15. Nf1 Kf7 16. Rg3 Ke7 17. Nd2 Qd7 18. Nb3 Qa4 19. Bc2 Nxb3 20. Bxb3 Qd7 21. Rb1 Qc7 22. Ba4 Bc8 23. Bxe8 Kxe8 24. Qh5+ g6 25. fxg6 hxg6 26. Rxg6 Qf7 27. Bh6 Rh8 28. Rf1 f5 29. Qg5 1-0

[Event "GER-ch U18"]
[Site "Willingen"]
[Date "2017.06.10"]
[Round "9"]
[White "Schmekel, Florian"]
[Black "Lagunow, Raphael"]
[Result "0-1"]
[WhiteElo "2029"]
[BlackElo "2343"]
[PlyCount "79"]
[EventDate "2017.06.04"]
[EventType "swiss"]
[EventRounds "9"]
[EventCountry "GER"]
[SourceTitle "CBM 178 Extra"]
[Source "ChessBase"]
[SourceDate "2017.06.22"]
[SourceVersion "1"]
[SourceVersionDate "2017.06.22"]
[SourceQuality "1"]

1. d4 Nf6 2. c4 g6 3. Nc3 Bg7 4. e4 0-0 5. Be2 d6 6. Bg5 Na6 7. Qd2 e5 8. d5 Qe8 9. Bd1 Bd7 10. Bc2 Nh5 11. Nge2 f5 12. exf5 gxf5 13. Ng3 Nf4 14. 0-0-0 Qg6 15. Bxf4 exf4 16. Nge2 Nc5 17. Nxf4 Qf7 18. Nfe2 a5 19. f4 a4 20. h3 a3 21. b3 Rae8 22. g4 Qf6 23. g5 Qf7 24. h4 Ne4 25. Bxe4 fxe4 26. Qe3 Bg4 27. Rde1 c6 28. Rhf1 Bf3 29. Kc2 Bxc3 30. Nxc3 Qxf4 31. Qxf4 Rxf4 32. Kd2 Re5 33. c5 dxc5 34. dxc6 bxc6 35. Re3 Rd5+ 36. Nxd5 cxd5 37. Rc3 d4 38. Rxc5 e3+ 39. Kc1 d3 40. Re5 0-1

[Event "GER-ch U18"]
[Site "Willingen"]
[Date "2017.06.07"]
[Round "6"]
[White "Schmekel, Florian"]
[Black "Kueppers, Timo"]
[Result "1-0"]
[WhiteElo "2029"]
[BlackElo "2172"]
[PlyCount "77"]
[EventDate "2017.06.04"]
[EventType "swiss"]
[EventRounds "9"]
[EventCountry "GER"]
[SourceTitle "CBM 178 Extra"]
[Source "ChessBase"]
[SourceDate "2017.06.22"]
[SourceVersion "1"]
[SourceVersionDate "2017.06.22"]
[SourceQuality "1"]

1. d4 Nf6 2. c4 c5 3. d5 e5 4. Nc3 d6 5. e4 Be7 6. g3 0-0 7. Bg2 Nbd7 8. Nf3 Ne8 9. 0-0 Kh8 10. Ne1 g6 11. Nd3 f5 12. Qe2 Ng7 13. f4 Bf6 14. Kh1 a6 15. Bd2 Rb8 16. a4 Re8 17. Qf3 exf4 18. Bxf4 Bxc3 19. Bxd6 Ra8 20. exf5 Nxf5 21. Nxc5 Re3 22. Qf4 Nxc5 23. Bxc5 Be5 24. Qf2 Rb3 25. g4 b6 26. gxf5 bxc5 27. fxg6 hxg6 28. Qxc5 Bh3 29. Rf2 Rc8 30. Qa7 Rc7 31. Qxa6 Qh4 32. Raf1 Bc8 33. Rf8+ Kg7 34. Rg8+ Kxg8 35. Qxg6+ Bg7 36. d6 Bb7 37. dxc7 Rxb2 38. c8Q+ Bxc8 39. Bd5+ 1-0

[Event "GER-ch U18"]
[Site "Willingen"]
[Date "2017.06.06"]
[Round "4"]
[White "Schmekel, Florian"]
[Black "Neukirchner, Pascal"]
[Result "0-1"]
[WhiteElo "2029"]
[BlackElo "2108"]
[PlyCount "104"]
[EventDate "2017.06.04"]
[EventType "swiss"]
[EventRounds "9"]
[EventCountry "GER"]
[SourceTitle "CBM 178 Extra"]
[Source "ChessBase"]
[SourceDate "2017.06.22"]
[SourceVersion "1"]
[SourceVersionDate "2017.06.22"]
[SourceQuality "1"]

1. d4 g6 2. c4 Bg7 3. Nc3 c5 4. d5 f5 5. g3 Bxc3+ 6. bxc3 Qa5 7. Qc2 Nf6 8. Bg2 d6 9. h4 Nbd7 10. Nf3 Nb6 11. Nd2 Bd7 12. Rb1 0-0-0 13. f4 Ng4 14. Bf3 Rhe8 15. Bxg4 fxg4 16. 0-0 e5 17. fxe5 Rxe5 18. e4 Rde8 19. Rf7 Qa4 20. Qxa4 Bxa4 21. Bb2 Bc2 22. Rbf1 Bxe4 23. Nxe4 Rxe4 24. Rxh7 Nxc4 25. Bc1 Ne5 26. Bf4 Nf3+ 27. Kg2 Re2+ 28. Rf2 Re1 29. Rxf3 gxf3+ 30. Kxf3 Rd1 31. c4 b5 32. cxb5 Rxd5 33. Rxa7 Re1 34. Rg7 c4 35. b6 Rd3+ 36. Kg4 c3 37. Rc7+ Kb8 38. Kg5 Rb1 39. Rc6 Kb7 40. Rxd6 Rxd6 41. Bxd6 Rb5+ 42. Kh6 Rxb6 43. Bf4 Kc8 44. h5 gxh5+ 45. Kxh5 Kd7 46. a3 c2 47. g4 Ke6 48. Kg6 Rb1 49. Kh7 c1Q 50. Bxc1 Rxc1 51. g5 Kf5 52. g6 Rh1+ 0-1

[Event "GER-ch U18"]
[Site "Willingen"]
[Date "2017.06.05"]
[Round "3"]
[White "Pallas, Sebastian"]
[Black "Schmekel, Florian"]
[Result "1-0"]
[WhiteElo "2199"]
[BlackElo "2029"]
[PlyCount "107"]
[EventDate "2017.06.04"]
[EventType "swiss"]
[EventRounds "9"]
[EventCountry "GER"]
[SourceTitle "CBM 178 Extra"]
[Source "ChessBase"]
[SourceDate "2017.06.22"]
[SourceVersion "1"]
[SourceVersionDate "2017.06.22"]
[SourceQuality "1"]

1. e4 c5 2. Nf3 Nc6 3. d4 cxd4 4. Nxd4 g6 5. Nc3 Bg7 6. Be3 Nf6 7. Bc4 0-0 8. Bb3 Ng4 9. Qxg4 Nxd4 10. Qd1 Nc6 11. Qd2 Qa5 12. 0-0 d6 13. Bh6 Be6 14. Bxg7 Kxg7 15. Rad1 Rac8 16. f4 Bxb3 17. axb3 Qb4 18. f5 f6 19. Kh1 g5 20. h4 h6 21. Qe2 Qb6 22. Nd5 Qd8 23. c3 Ne5 24. Kg1 Rg8 25. hxg5 hxg5 26. Kf2 Rh8 27. Qb5 b6 28. Rh1 Qe8 29. Qxe8 Rcxe8 30. Rxh8 Kxh8 31. b4 b5 32. Ra1 Nc6 33. Nc7 Rb8 34. Ra6 Rb6 35. Rxb6 axb6 36. Nxb5 Ne5 37. b3 Kg7 38. Nc7 Nc6 39. Nd5 b5 40. Nc7 Na7 41. g4 Kf7 42. Ke2 Kf8 43. c4 bxc4 44. bxc4 Nc8 45. b5 Nb6 46. Kd3 e5 47. fxe6 Na4 48. Kd4 Ke7 49. b6 Nc5 50. Kd5 Nb7 51. Kc6 Na5+ 52. Kb5 Nb7 53. Ka6 Nc5+ 54. Ka7 1-0

[Event "GER-ch U18"]
[Site "Willingen"]
[Date "2017.06.04"]
[Round "2"]
[White "Schmekel, Florian"]
[Black "Schroeder, Kevin"]
[Result "1/2-1/2"]
[WhiteElo "2029"]
[BlackElo "2349"]
[PlyCount "153"]
[EventDate "2017.06.04"]
[EventType "swiss"]
[EventRounds "9"]
[EventCountry "GER"]
[SourceTitle "CBM 178 Extra"]
[Source "ChessBase"]
[SourceDate "2017.06.22"]
[SourceVersion "1"]
[SourceVersionDate "2017.06.22"]
[SourceQuality "1"]

1. d4 Nf6 2. c4 e6 3. Nf3 Bb4+ 4. Bd2 a5 5. g3 b6 6. Bg2 Bb7 7. 0-0 0-0 8. a3 Bxd2 9. Qxd2 d6 10. Nc3 Nbd7 11. b4 Qe7 12. Qc2 c5 13. dxc5 bxc5 14. b5 Nb6 15. Na4 Be4 16. Qb3 Nfd7 17. Nxb6 Nxb6 18. a4 d5 19. Nd2 Bxg2 20. Kxg2 Qg5 21. Nf3 dxc4 22. Qxc4 Qf5 23. Qc3 Rfd8 24. Rfc1 Rd5 25. Qc2 Qxc2 26. Rxc2 f5 27. Nd2 Rd4 28. Nb3 Rxa4 29. Rxc5 Rxa1 30. Nxa1 Kf7 31. Rc6 Nd5 32. Nc2 Ne7 33. Rc7 Rc8 34. Rxc8 Nxc8 35. Kf3 Ke7 36. e4 fxe4+ 37. Ke3 Nd6 38. Na3 e5 39. Kd2 Ke6 40. Kc3 Kd5 41. Kb3 Kc5 42. Ka4 Kb6 43. h3 h6 44. h4 h5 45. Kb3 Nxb5 46. Nc4+ Kc5 47. Nxa5 Nd4+ 48. Kc3 Kd5 49. Kd2 Nf5 50. Ke2 e3 51. fxe3 Nxg3+ 52. Kf3 Ne4 53. Nb3 g6 54. Nc1 Nc5 55. Ne2 e4+ 56. Kg3 Ke5 57. Nf4 Kf5 58. Nd5 Nd7 59. Ne7+ Kf6 60. Nc8 Ke5 61. Ne7 Nf8 62. Nc6+ Kd5 63. Ne7+ Kc4 64. Kf4 Kd3 65. Nd5 Ne6+ 66. Ke5 Ng7 67. Kf6 Nf5 68. Kxg6 Nxe3 69. Nf4+ Kd2 70. Kxh5 Nc2 71. Kg4 Nb4 72. h5 e3 73. h6 Nd5 74. Nxd5 e2 75. h7 e1Q 76. h8Q Qe6+ 77. Kg5 1/2-1/2

[Event "Mecklenburg VP-ch Youth"]
[Site "Malchow"]
[Date "2017.02.12"]
[Round "3.5"]
[White "Schmekel, Florian"]
[Black "Braeutigam, Pascal"]
[Result "1-0"]
[WhiteElo "2043"]
[BlackElo "1404"]
[PlyCount "73"]
[EventDate "2017.02.08"]
[EventType "swiss"]
[EventRounds "7"]
[EventCountry "GER"]
[SourceTitle "EXT 2022"]
[Source "ChessBase"]
[SourceDate "2021.10.06"]
[SourceVersion "1"]
[SourceVersionDate "2021.10.06"]
[SourceQuality "1"]

1. d4 Nf6 2. c4 g6 3. Nc3 d5 4. cxd5 Nxd5 5. e4 Nxc3 6. bxc3 Bg7 7. Bc4 0-0 8. Ne2 Nd7 9. 0-0 Nb6 10. Bb3 Bd7 11. Be3 Bb5 12. Rb1 Ba6 13. Qc2 Rb8 14. c4 e6 15. Rfd1 Qe7 16. d5 exd5 17. exd5 Rfe8 18. Ng3 Qh4 19. c5 Nc4 20. Bxc4 Qxc4 21. Qb3 Red8 22. Rbc1 Qb5 23. Ne4 Qxb3 24. axb3 Be2 25. Rd2 Bg4 26. Bg5 Rdc8 27. d6 cxd6 28. Nxd6 Rc6 29. b4 b6 30. h3 Be6 31. Bf4 bxc5 32. b5 Rxd6 33. Rxd6 Rc8 34. Rcd1 Bf6 35. Rc6 Kg7 36. Rdd6 Rxc6 37. bxc6 1-0